| 000 | 00337nam a2200133Ia 4500 | ||
|---|---|---|---|
| 008 | 200103s9999||||xx |||||||||||||| ||und|| | ||
| 040 | _aIMU-MPC | ||
| 082 | _aColumn-31 | ||
| 100 | _aTuve, G. L. | ||
| 245 | 0 | _aMechanical Engineering Experimentation | |
| 260 |
_bMcGraw-Hill Book Company, Inc. _c1961 |
||
| 300 | _aviii, 516 | ||
| 942 | _cBK | ||
| 999 |
_c7442 _d7442 |
||